000 00457nam a22001697a 4500
003 NUST - PNEC
005 20170116181004.0
008 150906b xxu||||| |||| 00| 0 eng d
020 _a0766823326
040 _cLIBRARY
082 _a621.381044 JAC
100 _99676
_aJacob, J. Michael
245 _aPower electronics principles and application
_cJacob, J. Michael
260 _cc.2001
650 _98319
_aElectrical engineering
_xEE
942 _2ddc
_cBK
999 _c66805
_d66805